00878cam a22002417a 4500999001500000001000600015003000900021005001700030008004100047020001800088020001900106040003800125082002400163100002000187245008200207260003900289300004100328504006400369650005000433700001900483942001200502952012200514 c2741d274115813BD-DhUAP20200227113132.0070806s2007 enka b 001 0 eng d a9780470026717 a9780470026694  aBD-DhUAPcBD-DhUAPdBD-DhUAPbEng04a720.2840285 MCG2231 aMcGrath, Brian.10aCinemetrics :barchitectural drawing today /cBrian McGrath and Jean Gardner. a England :bWiley-Academy,cc2007. a271 pages :billustrations ;c29 cm. aIncludes bibliographical references (p.[266-269) and index. 0aArchitectural drawingxComputer-aided design.1 aGardner, Jean. 2ddccBK 00102ddc4070aUAPCLbUAPCLcGeneral Stacksd2020-02-27o720.2840285 MCGp3010015813r2020-02-27t1w2020-02-27yBK